Elaboración de proyectos institucionales de promoción de la lectura / (Registro nro. 9518)

Detalles MARC
000 -CABECERA
Longitud fija campo de control 01225nam a2200289Ia 4500
003 - • IDENTIFICADOR DELl NÚMERO DE CONTROL
Identificador del número de control CO-BoRNBP
005 - • FECHA Y HORA DE LA ÚLTIMA TRANSACCIÓN
Fecha y hora de la última transacción 20230511153202.0
007 - • CAMPO FIJO DE DESCRIPCIÓN FÍSICA
Campo fijo de descripción física ta
008 - • CÓDIGOS DE INFORMACIÓN DE LONGITUD FIJA
Códigos de información de longitud fija 170306s9999 xx 000 0 und d
020 ## - • NÚMERO INTERNACIONAL NORMALIZADO PARA LIBROS
Número Internacional Normalizado para Libros (ISBN) 9589613640
040 ## - FUENTE DE LA CATALOGACIÓN
Centro catalogador de origen CO-BoRNBP
Lengua de catalogación spa
Normas de descripción rda
Centro transcriptor CO-BoRNBP
041 ## - • CÓDIGO DE LENGUA
Código de lengua del texto/banda sonora o título independiente spa
082 ## - • NÚMERO DE LA CLASIFICACIÓN DECIMAL DEWEY
Número de clasificación (R) 372.427 Y26e
100 ## - • PUNTO DE ACCESO PRINCIPAL-NOMBRE DE PERSONA
Nombre de persona Yepes Osorio, Luis Bernardo
245 #0 - • TITULO PROPIAMENTE DICHO
Título Elaboración de proyectos institucionales de promoción de la lectura /
Mención de responsabilidad, etc. Luis Bernardo Yepes Osorio
250 ## - • MENCIÓN DE EDICIÓN
Mención de edición 4a ed., rev. y aum.
264 ## - PRODUCCIÓN, PUBLICACIÓN , DISTRIBUCIÓN, FABRICACIÓN Y COPYRIGHT
Lugar de producción, publicación, distribución, fabricación Medellín :
Nombre del productor, editor, distribuidor, fabricante Comfenalco Antioquia,
Fecha de de producción, publicación, distribución, fabricación o copyright 2007
300 ## - • DESCRIPCIÓN FÍSICA
Extensión 92 p. :
Otras características físicas cuadros
336 ## - TIPO DE CONTENIDO
Término de tipo de contenido texto
Código de tipo de contenido txt
Fuente rdacontent
337 ## - TIPO DE MEDIO
Nombre del tipo de medio sin mediación
Código del tipo de medio n
Fuente rdamedia
338 ## - TIPO DE SOPORTE
Nombre del tipo de soporte volumen
Código del tipo de soporte nc
Fuente rdacarrier
490 ## - • MENCIÓN DE SERIE
Mención de serie Fomento de la lectura
500 ## - • NOTA GENERAL
Nota general Incluye índice analítico al final del texto
505 ## - • NOTA DE CONTENIDO CON FORMATO
Nota de contenido con formato Quées un proyecto Elementos de un proyecto Pasos en la elaboración de un proyecto Guía de organismos internacionales que apoyan proyectos de promoción de la lectura
650 ## - • PUNTO DE ACCESO ADICIONAL DE MATERIA - TÉRMINO DE MATERIA
Término de materia o nombre geográfico como elemento inicial Pedagogia - Proyectos \ Promocion De La Lectura En Las Bibliotecas \ Promocion De La Lectura En Las Escuelas \ Elaboracion De Proyectos \ Proyecto Educativo Institucional
Fuente del encabezamiento o término LEMB
942 ## - ENTRADA DE ELEMENTOS AGREGADOS (KOHA)
Fuente de clasificaión o esquema Dewey Decimal Classification
Koha [por defecto] tipo de item LIbro
Existencias
Perdido Fuente de clasificación o esquema Estado Físico No para préstamo Forma de adquisición Localización permanente Localización actual Localización en estanterías Fecha adquisición Préstamos totales Signatura completa Código de barras Fecha última consulta Número de copia Fecha del precio de reemplazo Tipo de item de Koha
  Dewey Decimal Classification     Colección General Biblioteca Pública Guamal Biblioteca Pública Guamal General 05/11/2023   028.55 Y27e GUA003547 05/11/2023 Ej.1 05/11/2023 LIbro









Instituto Departamental de Cultura del Meta - Red Departamental de Bibliotecas Públicas del Meta.